All World Capitals in a Random Order - Statistics

General Stats
  • This quiz has been taken 113 times
  • The average score is 162 of 196
Answer Stats
Country Capital % Correct
Germany Berlin
95%
Russia Moscow
95%
Andorra Andorra la Vella
93%
Spain Madrid
93%
France Paris
93%
Bosnia and Herzegovina Sarajevo
93%
South Korea Seoul
93%
Vatican City Vatican City
93%
Austria Vienna
93%
Turkey Ankara
91%
Iraq Baghdad
91%
China Beijing
91%
Switzerland Bern
91%
Egypt Cairo
91%
Denmark Copenhagen
91%
Ireland Dublin
91%
Cuba Havana
91%
United Kingdom London
91%
Panama Panama City
91%
Iceland Reykjavik
91%
Italy Rome
91%
El Salvador San Salvador
91%
Singapore Singapore
91%
Albania Tirana
91%
Japan Tokyo
91%
Tunisia Tunis
91%
Mongolia Ulaanbaatar
91%
Croatia Zagreb
91%
Jordan Amman
88%
Greece Athens
88%
Lebanon Beirut
88%
Serbia Belgrade
88%
Guinea-Bissau Bissau
88%
Brazil Brasilia
88%
Belgium Brussels
88%
Hungary Budapest
88%
Argentina Buenos Aires
88%
Australia Canberra
88%
Venezuela Caracas
88%
Guyana Georgetown
88%
Vietnam Hanoi
88%
Finland Helsinki
88%
Israel Jerusalem
88%
Jamaica Kingston
88%
St. Vincent and the Grenadines Kingstown
88%
Kuwait Kuwait City
88%
Ukraine Kyiv
88%
Mexico Mexico City
88%
Belarus Minsk
88%
Monaco Monaco
88%
Uruguay Montevideo
88%
India New Delhi
88%
Canada Ottawa
88%
Montenegro Podgorica
88%
South Africa Pretoria / Cape Town /Bloemfontein
88%
Ecuador Quito
88%
Morocco Rabat
88%
Yemen Sana'a
88%
Chile Santiago
88%
Bulgaria Sofia
88%
Sweden Stockholm
88%
Estonia Tallinn
88%
Iran Tehran
88%
United Arab Emirates Abu Dhabi
86%
Algeria Algiers
86%
Netherlands Amsterdam
86%
Kazakhstan Astana
86%
Thailand Bangkok
86%
Colombia Bogota
86%
Slovakia Bratislava
86%
Romania Bucharest
86%
Moldova Chisinau
86%
Djibouti Djibouti
86%
Qatar Doha
86%
Botswana Gaborone
86%
Guatemala Guatemala City
86%
Pakistan Islamabad
86%
Indonesia Jakarta
86%
Afghanistan Kabul
86%
Nepal Kathmandu
86%
Peru Lima
86%
Portugal Lisbon
86%
Slovenia Ljubljana
86%
Luxembourg Luxembourg
86%
Nicaragua Managua
86%
Cyprus Nicosia
86%
Norway Oslo
86%
Czechia Prague
86%
North Korea Pyongyang
86%
Latvia Riga
86%
Costa Rica San Jose
86%
San Marino San Marino
86%
Sao Tome and Principe Sao Tome
86%
Taiwan Taipei
86%
Poland Warsaw
86%
United States Washington D.C.
86%
New Zealand Wellington
86%
Ethiopia Addis Ababa
84%
Paraguay Asuncion
84%
Brunei Bandar Seri Begawan
84%
Belize Belmopan
84%
Kyrgyzstan Bishkek
84%
Syria Damascus
84%
East Timor Dili
84%
Rwanda Kigali
84%
Bolivia La Paz / Sucre
84%
Philippines Manila
84%
Kenya Nairobi
84%
Bahamas Nassau
84%
Suriname Paramaribo
84%
Papua New Guinea Port Moresby
84%
Trinidad and Tobago Port of Spain
84%
Dominican Republic Santo Domingo
84%
Sri Lanka Sri Jayawardenepura Kotte
84%
Georgia Tbilisi
84%
Libya Tripoli
84%
Liechtenstein Vaduz
84%
Samoa Apia
81%
Azerbaijan Baku
81%
Barbados Bridgetown
81%
Sierra Leone Freetown
81%
Uganda Kampala
81%
Malaysia Kuala Lumpur
81%
Oman Muscat
81%
Myanmar Naypyidaw
81%
Cambodia Phnom Penh
81%
Haiti Port-au-Prince
81%
Fiji Suva
81%
Uzbekistan Tashkent
81%
Honduras Tegucigalpa
81%
Lithuania Vilnius
81%
Armenia Yerevan
81%
Ghana Accra
79%
Madagascar Antananarivo
79%
Senegal Dakar
79%
Bangladesh Dhaka
79%
Zimbabwe Harare
79%
Togo Lome
79%
Bahrain Manama
79%
Mozambique Maputo
79%
Mauritius Port Louis
79%
Kosovo Pristina
79%
North Macedonia Skopje
79%
Antigua and Barbuda St. John's
79%
Malta Valletta
79%
Seychelles Victoria
79%
Turkmensitan Ashgabat
77%
St. Kitts and Nevis Basseterre
77%
St. Lucia Castries
77%
Tuvalu Funafuti
77%
South Sudan Juba
77%
Sudan Khartoum
77%
Dem. Rep. of the Congo Kinshasa
77%
Angola Luanda
77%
Maldives Male
77%
Lesotho Maseru
77%
Burkina Faso Ouagadougou
77%
Benin Porto-Novo
77%
Saudi Arabia Riyadh
77%
Dominica Roseau
77%
Grenada St. George's
77%
Bhutan Thimphu
77%
Nigeria Abuja
74%
Rep. of the Congo Brazzaville
74%
Tanzania Dodoma
74%
Tajikistan Dushanbe
74%
Burundi Gitega
74%
Gabon Libreville
74%
Somalia Mogadishu
74%
Liberia Monrovia
74%
Chad N'Djamena
74%
Micronesia Palikir
74%
Vanuatu Port Vila
74%
Laos Vientiane
74%
Namibia Windhoek
74%
Ivory Coast Yamoussoukro
74%
Central African Republic Bangui
72%
Gambia Banjul
72%
Comoros Moroni
72%
Palau Ngerulmud
72%
Mauritania Nouakchott
72%
Tonga Nuku'alofa
72%
Cameroon Yaounde
72%
Eritrea Asmara
70%
Guinea Conakry
70%
Malawi Lilongwe
70%
Eswatini Mbabane
70%
Niger Niamey
70%
Cabo Verde Praia
70%
Nauru Yaren
70%
Zambia Lusaka
67%
Mali Bamako
65%
Equatorial Guinea Malabo
65%
Kiribati South Tarawa
65%
Marshall Islands Majuro
63%
Solomon Islands Honiara
60%
No matching quizzes found
Score Distribution
Percent of People with Each Score
Percentile by Number Answered
Your Score History
You have not taken this quiz